C programming for engineering and computer science / (Record no. 188883)
[ view plain ]
| 000 -LEADER | |
|---|---|
| fixed length control field | 01191 a2200241 4500 |
| 003 - CONTROL NUMBER IDENTIFIER | |
| control field | NUST |
| 005 - DATE AND TIME OF LATEST TRANSACTION | |
| control field | 20230530124712.0 |
| 010 ## - LIBRARY OF CONGRESS CONTROL NUMBER | |
| LC control number | 98020109 |
| 020 ## - INTERNATIONAL STANDARD BOOK NUMBER | |
| International Standard Book Number | 007016911X |
| 020 ## - INTERNATIONAL STANDARD BOOK NUMBER | |
| International Standard Book Number | 0078481643 (disk) |
| 040 ## - CATALOGING SOURCE | |
| Transcribing agency | Nust |
| 082 00 - DEWEY DECIMAL CLASSIFICATION NUMBER | |
| Classification number | 005.133,TAN |
| 100 1# - MAIN ENTRY--PERSONAL NAME | |
| Personal name | Tan, H. H. |
| 9 (RLIN) | 112875 |
| 245 10 - TITLE STATEMENT | |
| Title | C programming for engineering and computer science / |
| Statement of responsibility, etc. | H.H. Tan, T.B. D'Orazio. |
| 246 18 - VARYING FORM OF TITLE | |
| Title proper/short title | C programming for engineering & computer science |
| 260 ## - PUBLICATION, DISTRIBUTION, ETC. | |
| Place of publication, distribution, etc. | New York : |
| Name of publisher, distributor, etc. | WCR/McGraw-Hill, |
| Date of publication, distribution, etc. | c1999. |
| 300 ## - PHYSICAL DESCRIPTION | |
| Extent | xx, 748 p. : |
| Other physical details | ill. (some col.) ; |
| Dimensions | 24 cm. + |
| Accompanying material | 1 computer disk (3 1/2 in.) |
| 440 #0 - SERIES STATEMENT/ADDED ENTRY--TITLE | |
| Title | McGraw-Hill's BEST--basic engineering series and tools |
| 9 (RLIN) | 19437 |
| 505 ## - FORMATTED CONTENTS NOTE | |
| Formatted contents note | Computers and Computing Fundamentals (Page-1), Getting Started Program Structures Printing and Comments (Page-37), The Basics of C Variables, Arithmetic Operations (Page-72), Beginning Decision Making and Looping (Page-169), Functions (Page-265), Numeric Arrays (Page-348), String And Pointers (Page-445), Data Structures and Large Program Design (Page-587), Introduction to C++ (Page-729). |
| 650 #0 - SUBJECT ADDED ENTRY--TOPICAL TERM | |
| Topical term or geographic name entry element | C (Computer program language) |
| 9 (RLIN) | 1226 |
| 700 1# - ADDED ENTRY--PERSONAL NAME | |
| Personal name | D'Orazio, T. B. |
| 9 (RLIN) | 112876 |
| 942 ## - ADDED ENTRY ELEMENTS (KOHA) | |
| Source of classification or shelving scheme | |
| Koha item type | Book |
| Call number prefix | 005.133,TAN |
| Withdrawn status | Lost status | Source of classification or shelving scheme | Damaged status | Not for loan | Permanent Location | Current Location | Shelving location | Date acquired | Full call number | Barcode | Date last seen | Price effective from | Koha item type | Public note |
|---|---|---|---|---|---|---|---|---|---|---|---|---|---|---|
| Military College of Signals (MCS) | Military College of Signals (MCS) | General Stacks | 12/12/2016 | 005.133,TAN | MCS28142 | 12/08/2016 | 12/12/2016 | Book | Almirah No.80, Shelf No.4 |
